000 02220cam a2200529 i 4500
001 xx004873142
003 NUKAT
005 20260429112503.0
008 200529s2020 pl a |000 0cpol c
020 _a9788380988750
_q(oprawa twarda) :
_czł 40,00
035 _a(OCoLC)1424145142
035 _a(NUKAT)xx004873142
040 _aKAT U/DL
_bpol
_erda
_cKAT U/DLs
_dKAT U/MP
_dPOZN U/EMs
_dWA 14/PTs
_dOLSZT 008/bak
041 1 _apol
_beng
_bger
_brus
_hger
045 0 _bd1943
046 _k2020
245 0 0 _aNiemiecki urzędowy materiał w sprawie masowego mordu w Katyniu /
_credakcja naukowa Adam Bosiacki ; przekład Przemysław Bentkowski.
260 _a[Warszawa] :
_bInstytut Pamięci Narodowej - Komisja Ścigania Zbrodni przeciwko Narodowi Polskiemu,
_c© 2020.
300 _a478, [1] strona :
_bilustracje ;
_c25 cm.
336 _aTekst
_btxt
_2rdacontent
337 _aBez urządzenia pośredniczącego
_bn
_2rdamedia
338 _aWolumin
_bnc
_2rdacarrier
380 _aKsiążki
380 _aPublikacje naukowe
388 1 _a2001-
500 _aMiejsce wydania ustalone na podstawie siedziby wydawcy.
504 _aBibliografia na stronach 477-[479].
546 _aStreszczenie w języku angielskim, niemieckim, rosyjskim.
648 7 _a1901-2000
_2DBN
_934996
648 7 _a1939-1945
_2DBN
_936042
650 7 _aEgzekucja polskich oficerów w Katyniu (1940)
_2DBN
_940811
650 7 _aSprawa katyńska
_2DBN
_940759
650 7 _aZbrodnia katyńska (1940)
_2DBN
_940760
650 7 _aKatyń, Zbrodnia (1940)
_vspisy.
_2kaba
_940854
650 7 _aKatyń, Zbrodnia (1940)
_vźródła.
_2kaba
_940855
651 7 _aNiemcy
_2DBN
_935243
651 7 _aNiemcy
_y1933-1945
_vźródła.
_2kaba
_97534
655 7 _aWydawnictwo źródłowe
_2DBN
_935066
658 _aBezpieczeństwo i wojskowość
658 _aHistoria
700 1 _aBentkowski, Przemysław.
_eTłumaczenie
_940852
700 1 _aBosiacki, Adam
_d(1968- ).
_eRedakcja
_940853
710 2 _aInstytut Pamięci Narodowej - Komisja Ścigania Zbrodni przeciwko Narodowi Polskiemu.
_eWydawca
_4pbl
_911792
920 _a978-83-8098-875-0 (oprawa twarda) : zł 40,00
930 _aUwaga NUKAT! Rekord nie jest dubletem
942 _2ddc
_cBK_NM
999 _c27862
_d27862